02141nam a2200241Ia 4500952010000000952011200100999001700212008004100229020001500270050002100285082002500306100002400331245005900355250001800414260004900432300002400481500051200505504008101017505070401098519005401802650003601856942000701892 00104070a22b22d2007-01-25l0o341.026 Or77d 2000p01 007960r2012-06-24t1w2012-06-24yLB 00104070a22b22d2007-01-25l2o341.026 Or77d 2000p01 008937r2015-12-02s2015-12-02t2w2012-06-24yLB c55388d55388120622s2000 mx 000 0 spa d a968635672X aJX3091bO77 2000 a341.026b Or77d 2000 aOrtiz Ahlf, Loretta aDerecho internacional públicoc / Loretta Ortiz Ahlf a2a. edición aMéxicob : Oxford University Pressc, 2000 axxxi, 530 páginas aIncluye: Apéndices 1 - Convención de Viena sobre el Derecho de los Tratados 2 - Convención de las Naciones Unidas sobre el Derecho del Mar 3 - Convención sobre Relaciones Diplomáticas 4 - Convención sobre Relaciones Consulares 5 - Carta de las Naciones Unidas Estatuto de la Corte Internacional de Justicia 6 - Carta de la Organización de los Estados Americanos Refrendada por el protocolo de Buenos Aires 7 - Protocolo de reformas a la carta de la Organización de los Estados Americanos  aBibliografía del tema en cada capítulo Bibliografía general (pp. 519)  aConceptos preliminares Fuentes del Derecho Internacional Público Sujetos del Derecho Internacional Público El Estado Derecho Internacional del Mar El Espacio Ultraterrestre La inmunidad jurisdiccional de los Estados Los Órganos Estatales de las Relaciones Internacionales Responsabilidad Internacional de los Estados Asilo, refugio y desplazamiento Medios pacíficos de solución de los conflictos internacionales Sanciones del Derecho Internacional Público Teoría general de las organizaciones internacionales La organización de las Naciones Unidas La organización de los Estados Americanos Protección internacional del individuo Derecho ambiental Los acuerdos de libre comercio  aMaterial Complementario /d(01 007960, 01 008937)14aDERECHO INTERNACIONAL PÚBLICO cLB